01519nam a2200409 i 450000100060000000300090000600500170001500800410003202000150007304000360008804100130012404600090013708000100014608000100015608000090016624502180017524600350039326001070042830000280053533600270056333700520059033800280064238000160067038000230068638800100070950400260071954600580074565000090080365000260081265000120083865500290085065800280087965800250090770000450093270000340097785600980101144769KOSZ 00520210202131315.0050505s2004 pl a f |100 0 pol d a8389696150 cKOSZ 005aKOSZ 005dKOSZ 005/HR0 apolbeng k2004 a628.1 a614.7 a(06)00aZaopatrzenie w wodę, jakość i ochrona wód :bXVIII Krajowa, VI Międzynarodowa Konferencja : Poznań, Polska 2004 r. = Water supply and water quality.nT.1 /cred. Maria Elektorowicz, Marek M. Sozański31aWater supply and water quality aPoznań :bPolskie Zrzeszenie Inżynierów i Techników Sanitarnych. Oddział Wielkopolski,c2004. a922 s. :bil. ;c24 cm. 2rdacontentaTekstbtxt 2rdamediaaBez urzadzenia pośredniczącegobn 2rdacarrieraWoluminbnc aKsiążki aPublikacje naukowe a2001- aBibliogr. przy mater. aTekst częśc. ang. Streszcz. ang. i pol. przy ref. 4aWoda 4aZaopatrzenie w wodę 4aOchrona aMateriały konferencyjne aInżynieria i technika aOchrona środowiska1 aSozański, Marek M.d(1942- )eRedakcja1 aElektorowicz, MariaeRedakcja uhttp://koha.tu.koszalin.pl/cgi-bin/koha/opac-detail.pl?biblionumber=44769yKatalog online BPK